| 000 | 01138nam a2200241Ia 4500 | ||
|---|---|---|---|
| 003 | Ost | ||
| 005 | 20260507075127.0 | ||
| 008 | 260507s9999||||xx |||||||||||||| ||und|| | ||
| 020 | _a9960406008 | ||
| 040 | _cfsecg | ||
| 041 | _aara | ||
| 082 | _a330 | ||
| 100 |
_aروبيرت ج، ألين _eمؤلف |
||
| 245 | 0 |
_aمصادر الدخل المتعدد / _c ألين روبيرت ج |
|
| 260 |
_aالرياض: _bمكتبة العبيكان, _c2005 |
||
| 300 |
_a554 صفحة؛ _bإيضاحات ؛ _c25 سم |
||
| 520 | _aمال سهل- مليونير العشر دقائق-صيغة شجرة النقد-السلسلة الجبلية- استراتيجيات الأسهم الفورية-اربح كثيرا في العقار- ثروة في حجز الرهن والتنازل-الحصول على أرباح ضخمة - دفع ضرائب الأشخاص الآخرين-أحدث آلة للنقود- نشر المعلومات وتحليلها- التحول السريع للملكية | ||
| 653 | _aالأرباح | ||
| 653 | _aالإستثمار | ||
| 653 | _aالأموال | ||
| 653 | _aمصادر الدخل | ||
| 942 | _cكتاب | ||
| 999 |
_c43169 _d43169 |
||